Herr der Ringe - Gondor Quiz - Statistiken

Allgemein
  • Dieses Quiz wurde 57 mal gespielt
  • Das Durchschnittsergebnis liegt bei 15 aus 33
Antwortstatistiken
Hint Antwort % Korrekt
Haupstadt Minas Tirith
96%
Sein Zweitgeborener, dessen Liebe für ihn sich in Grenzen hält Faramir
94%
Wer hat ein Recht auf den Thron Gondors? Aragorn
92%
Sein Erstgeborener, den er sehr liebt Boromir
92%
Gondor hat einen Pakt zur gegenseitigen Verteidigung mit diesem Land Rohan
92%
Direkt gegenüber von Gondor im Osten liegt... Mordor
90%
Was wird deswegen im Krieg entzündet? Leuchtfeuer
86%
Ehemalige Haupstadt, jetzt eine umkämpfte Ruine Osgiliath
84%
Amtsinhaber während den Ereignissen aus Herr der Ringe Denethor II
80%
Ehemalige gondorische Stadt, jetzt eine Festung der Nazgûl Minas Morgul
80%
Wer vertritt die Könige? Die Truchsesse
67%
Die Gründer Gondors waren Flüchtlinge aus diesem Königreich Númenor
59%
Die ersten Könige von Gondor Isildur / Anárion
57%
Weitläufige Felder vor der Hauptstadt Pelennor
53%
Fluss, an welcher die ehem. Hauptstadt liegt Anduin
49%
ihr ehemaliger Name Minas Ithil
47%
Umkämpftes Waldgebiet jenseits des Flusses Ithilien
43%
Oft ging es dabei um diese Hafenstadt im fernen Süden Umbar
39%
Gondor führte regelmäßige Kriege gegen die Menschen dieser Wüstenländer Haradrim
37%
Zwischen 1432-1448 D.Z. gab es in Gondor einen... Bürgerkrieg
35%
Gebirge, welches die nördliche Grenze Gondors bildet Ered Nimrais
27%
Ehemaliger Name der Hauptstadt Minas Anor
27%
Wichtige Hafenstadt in jenem Gebiet Dol Amroth
25%
Wichtige Festungsanlage nördlich am Fluss Cair Andros
20%
Diese Menschen versprachen Gondor Loyalität, und brachen sie dann Die Eidbrecher
14%
Fürst jener Hafenstadt während Herr der Ringe Imrahil
14%
und dann diese Pelargir
10%
Region im Süden Gondors Belfalas
8%
Der letzte König Gondors vor Herr der Ringe Eänur
4%
Aragorn und co. befreien zuerst diese Stadt von den Korsaren Linhir
4%
Weil dieser Mann den Thron usurpierte Castamir
2%
Die Region haust auch diesen, nun verlassenen, Elbenhafen Edhellond
2%
Mauer, welche jene Felder umschließt Rammas Echor
2%
Keine übereinstimmenden Quizze gefunden
Verteilung der Resultate
Anzahl Personen mit jedem Resultat
Perzentil nach korrekt beantworteten Fragen
Ihre Resultats-Entwicklung
Sie haben dieses Quiz noch nicht gespielt